[Event "TIPC 2019 Groupe A"]
[Site ""]
[Date "2019.07.27"]
[Round "1.30"]
[White "Soyunlu, Narmin"]
[Black "Lui, Eric"]
[Result "1-0"]
[WhiteElo "2099"]
[BlackElo "1884"]

1. g3 {[%clk 01:30:56]} {[%emt 00:00:03]} c5 {[%clk 01:30:37]} {[%emt
00:00:23]} 2. Bg2 {[%clk 01:31:19]} {[%emt 00:00:07]} Nf6 {[%clk 01:30:46]}
{[%emt 00:00:21]} 3. c4 {[%clk 01:31:33]} {[%emt 00:00:15]} e6 {[%clk
01:31:01]} {[%emt 00:00:15]} 4. Nf3 {[%clk 01:30:21]} {[%emt 00:01:43]} Nc6
{[%clk 01:30:03]} {[%emt 00:01:28]} 5. Nc3 {[%clk 01:30:30]} {[%emt 00:00:21]}
b6 {[%clk 01:26:56]} {[%emt 00:03:38]} 6. d4 {[%clk 01:24:46]} {[%emt
00:06:13]} cxd4 {[%clk 01:26:50]} {[%emt 00:00:35]} 7. Nxd4 {[%clk 01:25:10]}
{[%emt 00:00:06]} Bb7 {[%clk 01:27:10]} {[%emt 00:00:10]} 8. O-O {[%clk
01:20:20]} {[%emt 00:05:20]} a6 {[%clk 01:27:24]} {[%emt 00:00:16]} 9. Bf4
{[%clk 01:05:18]} {[%emt 00:15:31]} Qc8 {[%clk 01:25:12]} {[%emt 00:02:42]} 10.
Na4 {[%clk 01:01:28]} {[%emt 00:04:20]} Bc5 {[%clk 01:19:57]} {[%emt 00:05:45]}
11. Nb3 {[%clk 00:56:46]} {[%emt 00:05:12]} e5 {[%clk 01:19:20]} {[%emt
00:01:09]} 12. Nbxc5 {[%clk 00:44:48]} {[%emt 00:12:25]} bxc5 {[%clk 01:18:21]}
{[%emt 00:01:29]} 13. Be3 {[%clk 00:45:07]} {[%emt 00:00:11]} Nd4 {[%clk
01:13:19]} {[%emt 00:05:32]} 14. Nb6 {[%clk 00:45:24]} {[%emt 00:00:13]} Qb8
{[%clk 01:13:41]} {[%emt 00:00:09]} 15. Nxa8 {[%clk 00:40:27]} {[%emt
00:05:26]} Qxa8 {[%clk 01:12:51]} {[%emt 00:01:20]} 16. Bxb7 {[%clk 00:40:35]}
{[%emt 00:00:22]} Qxb7 {[%clk 01:13:12]} {[%emt 00:00:08]} 17. f3 {[%clk
00:34:05]} {[%emt 00:06:59]} h5 {[%clk 01:11:17]} {[%emt 00:02:25]} 18. h4
{[%emt 00:12:29]} d6 {[%clk 01:06:23]} 19. b4 {[%clk 00:25:24]} {[%emt
00:02:35]} Nf5 {[%clk 01:06:44]} {[%emt 00:00:09]} 20. Bf2 {[%clk 00:24:11]}
{[%emt 00:01:46]} e4 {[%clk 01:05:47]} {[%emt 00:01:24]} 21. bxc5 {[%clk
00:19:17]} {[%emt 00:05:24]} e3 {[%clk 01:06:00]} {[%emt 00:00:17]} 22. Qa4+
{[%clk 00:19:21]} {[%emt 00:00:26]} Kf8 {[%clk 01:05:12]} {[%emt 00:01:18]} 23.
Be1 {[%clk 00:14:41]} {[%emt 00:05:10]} dxc5 {[%clk 01:05:29]} {[%emt
00:00:13]} 24. Qb3 {[%clk 00:08:15]} {[%emt 00:06:56]} Qc7 {[%clk 01:00:21]}
{[%emt 00:05:37]} 25. Rb1 {[%clk 00:08:23]} {[%emt 00:00:23]} Ne8 {[%clk
01:00:46]} {[%emt 00:00:05]} 26. Qb8 {[%clk 00:07:45]} {[%emt 00:01:08]} Rh6
{[%clk 00:59:04]} {[%emt 00:02:12]} 27. Qxc7 {[%clk 00:06:58]} {[%emt
00:01:17]} Nxc7 {[%clk 00:58:59]} {[%emt 00:00:34]} 28. Rb8+ {[%clk 00:06:20]}
{[%emt 00:01:09]} Ne8 {[%clk 00:58:09]} {[%emt 00:01:20]} 29. Kh2 {[%clk
00:03:58]} {[%emt 00:02:51]} Nd4 {[%clk 00:58:22]} {[%emt 00:00:18]} 30. Bc3
{[%clk 00:02:01]} {[%emt 00:02:27]} Nxe2 {[%clk 00:56:17]} {[%emt 00:02:34]} 31.
Bxg7+ {[%clk 00:02:21]} {[%emt 00:00:11]} Kxg7 {[%clk 00:56:38]} {[%emt
00:00:09]} 32. Rxe8 {[%clk 00:02:45]} {[%emt 00:00:06]} Nd4 {[%clk 00:56:45]}
{[%emt 00:00:22]} 33. Rxe3 {[%clk 00:02:56]} {[%emt 00:00:19]} Rb6 {[%clk
00:56:38]} {[%emt 00:00:37]} 34. Rf2 {[%clk 00:02:23]} {[%emt 00:01:01]} Rb4
{[%clk 00:56:45]} {[%emt 00:00:24]} 35. Ra3 {[%clk 00:02:14]} {[%emt 00:00:40]}
Rxc4 {[%clk 00:56:57]} {[%emt 00:00:18]} 36. Rxa6 {[%clk 00:02:39]} {[%emt
00:00:05]} Rc3 {[%clk 00:57:20]} {[%emt 00:00:07]} 37. Kg2 {[%clk 00:01:57]}
{[%emt 00:01:11]} Nc2 {[%clk 00:57:15]} {[%emt 00:00:36]} 38. a4 {[%clk
00:01:37]} {[%emt 00:00:50]} Ne1+ {[%clk 00:57:33]} {[%emt 00:00:12]} 39. Kf1
{[%clk 00:01:59]} {[%emt 00:00:08]} Nxf3 {[%clk 00:57:22]} {[%emt 00:00:41]} 40.
a5 {[%clk 00:01:58]} {[%emt 00:00:32]} Rc1+ {[%clk 00:56:49]} {[%emt 00:01:02]}
41. Ke2 {[%clk 00:01:52]} {[%emt 00:00:34]} Ne5 {[%clk 00:54:22]} {[%emt
00:03:00]} 42. Ra7 {[%clk 00:01:42]} {[%emt 00:00:40]} Rc2+ {[%clk 00:54:30]}
{[%emt 00:00:22]} 43. Kf1 {[%clk 00:02:11]} Rc1+ {[%clk 00:54:36]} {[%emt
00:00:24]} 44. Kg2 {[%clk 00:02:40]} c4 {[%clk 00:54:32]} {[%emt 00:00:35]} 45.
Re7 {[%clk 00:02:48]} {[%emt 00:00:20]} Ng4 {[%clk 00:54:22]} {[%emt 00:00:42]}
46. Rfxf7+ {[%clk 00:02:52]} {[%emt 00:00:26]} Kg6 {[%clk 00:54:39]} {[%emt
00:00:12]} 47. Rg7+ {[%clk 00:02:08]} {[%emt 00:01:15]} Kf6 {[%clk 00:55:06]}
{[%emt 00:00:03]} 48. Rgf7+ {[%clk 00:01:41]} {[%emt 00:00:57]} Kg6 {[%clk
00:55:14]} {[%emt 00:00:22]} 49. a6 {[%clk 00:02:02]} {[%emt 00:00:10]} Rc2+
{[%clk 00:55:27]} {[%emt 00:00:16]} 50. Kf1 {[%clk 00:01:08]} {[%emt 00:01:24]}
Ra2 {[%clk 00:55:34]} {[%emt 00:00:24]} 51. Rg7+ {[%clk 00:01:34]} {[%emt
00:00:04]} Kf6 {[%clk 00:56:00]} {[%emt 00:00:03]} 52. a7 {[%clk 00:00:55]}
{[%emt 00:01:10]} c3 {[%clk 00:54:38]} {[%emt 00:01:52]} 53. Rgf7+ {[%clk
00:01:22]} {[%emt 00:00:03]} Kg6 {[%clk 00:54:59]} {[%emt 00:00:09]} 54. Rg7+
{[%clk 00:01:25]} {[%emt 00:00:27]} Kf6 {[%clk 00:55:24]} {[%emt 00:00:05]} 55.
Rgf7+ {[%clk 00:01:54]} {[%emt 00:00:02]} Kg6 {[%clk 00:55:05]} {[%emt
00:00:49]} 56. Rc7 {[%clk 00:00:56]} {[%emt 00:01:28]} c2 {[%clk 00:52:03]}
{[%emt 00:03:31]} 57. Rf8 {[%clk 00:00:44]} {[%emt 00:00:43]} Rxa7 {[%clk
00:52:08]} {[%emt 00:00:25]} 58. Rfc8 {[%clk 00:00:57]} {[%emt 00:00:17]} Ra2
{[%clk 00:51:32]} {[%emt 00:01:06]} 59. Ke1 {[%clk 00:00:41]} {[%emt 00:00:45]}
Ne3 {[%clk 00:46:02]} {[%emt 00:06:00]} 60. Rc3 {[%clk 00:00:46]} {[%emt
00:00:25]} c1=Q+ 61. Rxc1 {[%clk 00:01:11]} Ng2+ {[%clk 00:39:35]} {[%emt
00:02:19]} 62. Kf1 {[%clk 00:01:37]} {[%emt 00:00:04]} Ne3+ {[%clk 00:39:59]}
{[%emt 00:00:06]} 63. Kg1 {[%clk 00:01:47]} {[%emt 00:00:20]} Rg2+ {[%clk
00:39:17]} {[%emt 00:01:13]} 64. Kh1 {[%clk 00:02:16]} Re2 {[%clk 00:39:40]}
{[%emt 00:00:08]} 65. Rg8+ {[%clk 00:01:53]} {[%emt 00:00:53]} Kf5 {[%clk
00:39:50]} {[%emt 00:00:20]} 66. Rg5+ {[%clk 00:00:49]} {[%emt 00:01:34]} Ke4
{[%clk 00:39:54]} {[%emt 00:00:25]} 67. Rxh5 {[%clk 00:01:14]} {[%emt
00:00:06]} Kf3 {[%clk 00:39:30]} {[%emt 00:00:54]} 68. Rg5 {[%clk 00:01:21]}
{[%emt 00:00:22]} Ng4 {[%clk 00:39:03]} {[%emt 00:00:57]} 69. Rc3+ {[%clk
00:01:28]} {[%emt 00:00:23]} Ne3 {[%clk 00:38:39]} {[%emt 00:00:54]} 70. Re5
{[%clk 00:00:50]} {[%emt 00:01:09]} 1-0

[Event "TIPC 2019 Groupe A"]
[Site ""]
[Date "2019.07.27"]
[Round "1.13"]
[White "Miulescu, Gabriel"]
[Black "Van Mechelen, Jan"]
[Result "1-0"]
[WhiteTitle "IM"]
[BlackTitle "FM"]
[WhiteElo "2020"]
[BlackElo "2218"]


1. e4 {[%clk 01:30:58]} {[%emt 00:04:07]} c5 {[%clk 01:30:41]} 2. Nf3 {[%clk
01:31:21]} d6 {[%clk 01:31:03]} 3. d4 {[%clk 01:31:42]} cxd4 {[%clk 01:31:25]}
4. Nxd4 {[%clk 01:32:05]} Nf6 {[%clk 01:31:46]} 5. Nc3 {[%clk 01:32:19]} a6
{[%clk 01:32:09]} 6. Be3 {[%clk 01:32:21]} e5 {[%clk 01:32:15]} 7. Nb3 {[%clk
01:32:44]} Be7 {[%clk 01:32:12]} 8. f3 {[%clk 01:32:13]} O-O {[%clk 01:32:20]}
9. Qd2 {[%clk 01:32:19]} Be6 {[%clk 01:32:38]} 10. O-O-O {[%clk 01:32:03]} a5
{[%clk 01:32:28]} 11. a4 {[%clk 01:31:39]} Na6 {[%clk 01:32:03]} 12. g4 {[%clk
01:31:07]} Nb4 {[%clk 01:31:54]} 13. Kb1 {[%clk 01:26:59]} d5 {[%clk 01:15:34]}
14. g5 {[%clk 01:17:03]} Nxe4 {[%clk 01:15:36]} 15. fxe4 {[%clk 01:15:00]} d4
16. Nxd4 {[%clk 01:08:08]} {[%emt 00:03:15]} exd4 {[%clk 01:16:07]} {[%emt
00:00:15]} 17. Bxd4 {[%clk 01:07:28]} {[%emt 00:01:10]} Bg4 {[%clk 01:15:13]}
{[%emt 00:01:23]} 18. Be2 {[%clk 01:01:29]} {[%emt 00:06:30]} Bxg5 {[%clk
01:14:14]} {[%emt 00:01:27]} 19. Qe1 {[%clk 00:59:56]} {[%emt 00:02:05]} Bxe2
{[%clk 01:13:02]} {[%emt 00:01:41]} 20. Qxe2 {[%clk 00:59:45]} {[%emt
00:00:46]} Qe7 {[%clk 01:12:02]} {[%emt 00:01:27]} 21. Rhg1 {[%clk 00:52:08]}
{[%emt 00:08:05]} Ra6 {[%clk 01:07:26]} {[%emt 00:05:06]} 22. Qb5 {[%clk
00:49:18]} {[%emt 00:03:21]} Bh6 {[%clk 00:59:15]} {[%emt 00:08:39]} 23. Bc5
{[%clk 00:48:37]} {[%emt 00:01:13]} Qc7 {[%clk 00:59:37]} {[%emt 00:00:07]} 24.
Bxf8 {[%clk 00:48:30]} {[%emt 00:00:38]} Kxf8 {[%clk 01:00:00]} {[%emt
00:00:07]} 25. Rd7 {[%clk 00:46:36]} {[%emt 00:02:24]} Qxh2 {[%clk 01:00:04]}
{[%emt 00:00:26]} 26. Qc5+ {[%clk 00:46:49]} {[%emt 00:00:18]} 1-0

[Event "TIPC 2019 Groupe A"]
[Site ""]
[Date "2019.07.27"]
[Round "1.20"]
[White "Manafov, Vugar"]
[Black "Callier, Christophe"]
[Result "1-0"]
[WhiteTitle "FM"]
[WhiteElo "2175"]
[BlackElo "1986"]


1. Nf3 {[%clk 01:30:54]} {[%emt 00:00:07]} d5 {[%emt 00:00:02]} 2. g3 {[%emt
00:00:06]} Nc6 {[%clk 01:31:25]} {[%emt 00:00:02]} 3. d4 {[%clk 01:31:44]}
{[%emt 00:00:03]} Bg4 {[%emt 00:00:05]} 4. Bg2 {[%emt 00:00:41]} f6 {[%emt
00:00:06]} 5. h3 {[%emt 00:00:27]} Bf5 {[%emt 00:01:23]} 6. c4 {[%emt
00:02:03]} e5 {[%emt 00:03:00]} 7. cxd5 {[%emt 00:07:43]} Qxd5 {[%emt
00:00:05]} 8. Nc3 {[%emt 00:00:25]} Bb4 {[%clk 01:30:12]} {[%emt 00:00:07]} 9.
O-O {[%emt 00:02:54]} Qd7 {[%emt 00:01:15]} 10. dxe5 {[%emt 00:03:14]} Bxh3
{[%emt 00:06:51]} 11. Qxd7+ {[%clk 01:15:43]} {[%emt 00:00:04]} Bxd7 {[%clk
01:25:29]} {[%emt 00:00:04]} 12. Nd5 {[%emt 00:01:47]} Ba5 {[%emt 00:00:49]} 13.
exf6 {[%emt 00:00:08]} Nxf6 {[%emt 00:00:09]} 14. Nxf6+ {[%clk 01:16:01]} gxf6
{[%emt 00:00:26]} 15. a3 {[%clk 01:16:26]} {[%emt 00:00:24]} O-O-O 16. b4
{[%emt 00:00:27]} Bb6 {[%emt 00:00:22]} 17. Bb2 {[%emt 00:01:02]} Rhf8 {[%emt
00:05:30]} 18. Rfd1 {[%emt 00:06:51]} Ne5 {[%emt 00:01:56]} 19. Nxe5 {[%emt
00:00:28]} fxe5 {[%clk 01:19:01]} 20. e3 {[%emt 00:01:42]} Rfe8 {[%emt
00:05:24]} 21. Rd5 {[%emt 00:05:19]} Bg4 {[%emt 00:01:33]} 22. Rxd8+ {[%emt
00:03:16]} Kxd8 {[%clk 01:05:01]} {[%emt 00:00:08]} 23. Bxb7 {[%emt 00:00:32]}
e4 {[%emt 00:02:27]} 24. Bc6 {[%emt 00:00:51]} Re6 {[%emt 00:00:03]} 25. Bd5
{[%emt 00:00:45]} Re8 {[%emt 00:01:02]} 26. a4 {[%emt 00:01:22]} a5 {[%emt
00:01:25]} 27. bxa5 {[%emt 00:00:04]} Bxa5 {[%emt 00:00:30]} 28. Bc6 {[%emt
00:00:16]} Re6 {[%emt 00:00:12]} 29. Bd5 {[%emt 00:00:33]} Re8 {[%emt
00:05:34]} 30. Rb1 {[%emt 00:01:41]} Kd7 {[%emt 00:00:51]} 31. Rc1 {[%emt
00:00:48]} Kd6 {[%emt 00:01:02]} 32. Bc6 {[%emt 00:03:45]} Re6 {[%emt
00:01:15]} 33. Ba3+ {[%emt 00:00:08]} Ke5 {[%emt 00:00:32]} 34. Bd7 {[%emt
00:00:54]} 1-0

[Event "TIPC 2019 Groupe A"]
[Site ""]
[Date "2019.07.27"]
[Round "1.7"]
[White "Vanden Bussche, Steven"]
[Black "Capone, Nicola"]
[Result "0-1"]
[BlackTitle "IM"]
[WhiteElo "2061"]
[BlackElo "2297"]

1. c4 {[%clk 01:30:56]} {[%emt 00:01:44]} Nf6 {[%clk 01:30:55]} 2. g3 {[%clk
01:31:20]} g6 {[%clk 01:31:21]} 3. Bg2 {[%clk 01:31:44]} Bg7 {[%clk 01:31:48]}
4. Nc3 {[%clk 01:32:07]} O-O {[%clk 01:32:12]} 5. e4 {[%clk 01:32:18]} d6
{[%clk 01:32:39]} 6. Nge2 {[%clk 01:32:35]} c5 {[%clk 01:32:53]} 7. O-O {[%clk
01:32:46]} Nc6 {[%clk 01:33:19]} 8. d3 {[%clk 01:33:04]} Rb8 {[%clk 01:24:07]}
9. Rb1 {[%clk 01:30:24]} a6 {[%clk 01:24:18]} 10. a3 {[%clk 01:28:02]} Bg4
{[%clk 01:10:07]} 11. Qc2 {[%clk 01:24:43]} b5 {[%clk 01:04:23]} 12. cxb5
{[%clk 01:24:26]} Nd4 {[%clk 01:03:43]} 13. Nxd4 {[%clk 01:22:15]} cxd4 {[%clk
01:04:10]} 14. Ne2 {[%clk 01:03:43]} {[%emt 00:17:18]} Rc8 {[%clk 01:00:30]}
{[%emt 00:04:09]} 15. Qd1 {[%clk 01:02:44]} {[%emt 00:01:29]} axb5 {[%clk
00:51:05]} {[%emt 00:09:57]} 16. h3 {[%clk 01:00:50]} {[%emt 00:02:22]} Bxe2
{[%clk 00:51:26]} {[%emt 00:00:10]} 17. Qxe2 {[%clk 01:01:12]} {[%emt
00:00:08]} Nd7 {[%clk 00:45:33]} {[%emt 00:06:23]} 18. Bd2 {[%clk 00:53:52]}
{[%emt 00:07:50]} Qb6 {[%clk 00:36:51]} {[%emt 00:09:11]} 19. Rfc1 {[%clk
00:51:04]} {[%emt 00:03:18]} Qa6 {[%clk 00:37:10]} {[%emt 00:00:12]} 20. Rxc8
{[%clk 00:47:52]} {[%emt 00:03:42]} Rxc8 {[%clk 00:37:31]} {[%emt 00:00:09]} 21.
Qd1 {[%clk 00:37:20]} {[%emt 00:11:02]} Nc5 {[%clk 00:20:37]} {[%emt 00:17:24]}
22. Bb4 {[%clk 00:37:11]} {[%emt 00:00:39]} Bh6 {[%clk 00:20:10]} {[%emt
00:00:56]} 23. b3 {[%clk 00:34:29]} {[%emt 00:03:12]} e5 {[%clk 00:19:19]}
{[%emt 00:01:21]} 24. Kh2 {[%clk 00:32:01]} {[%emt 00:02:59]} Qb6 {[%clk
00:16:00]} {[%emt 00:03:50]} 25. a4 {[%clk 00:20:43]} {[%emt 00:11:48]} Na6
{[%clk 00:15:34]} {[%emt 00:00:55]} 26. Bd2 {[%clk 00:17:01]} {[%emt 00:04:12]}
Bxd2 {[%clk 00:11:55]} {[%emt 00:04:09]} 27. axb5 {[%clk 00:17:24]} {[%emt
00:00:07]} Qxb5 {[%clk 00:11:31]} {[%emt 00:00:54]} 28. Qxd2 {[%clk 00:17:43]}
{[%emt 00:00:11]} Nb4 {[%clk 00:10:32]} {[%emt 00:01:29]} 29. Rb2 {[%clk
00:15:41]} {[%emt 00:02:32]} Qc5 {[%clk 00:09:43]} {[%emt 00:01:18]} 30. Bf1
{[%clk 00:13:25]} {[%emt 00:02:45]} Qc3 {[%clk 00:09:31]} {[%emt 00:00:43]} 31.
Kg2 {[%clk 00:12:46]} {[%emt 00:01:09]} Ra8 {[%clk 00:08:19]} {[%emt 00:01:43]}
32. Be2 {[%clk 00:12:27]} {[%emt 00:00:49]} Kg7 {[%clk 00:07:25]} {[%emt
00:01:23]} 33. f4 {[%clk 00:12:43]} {[%emt 00:00:15]} Ra3 {[%clk 00:06:30]}
{[%emt 00:01:25]} 34. Kf2 {[%clk 00:12:28]} {[%emt 00:00:45]} Qxd2 {[%clk
00:05:44]} {[%emt 00:01:15]} 35. Rxd2 {[%clk 00:12:46]} {[%emt 00:00:12]} Rxb3
{[%clk 00:06:12]} {[%emt 00:00:02]} 36. Kf3 {[%clk 00:12:24]} {[%emt 00:00:52]}
f5 {[%clk 00:04:15]} {[%emt 00:02:28]} 37. g4 {[%clk 00:11:01]} {[%emt
00:01:53]} Kf6 {[%clk 00:04:11]} {[%emt 00:00:33]} 38. exf5 {[%clk 00:05:53]}
{[%emt 00:05:38]} gxf5 {[%clk 00:04:33]} {[%emt 00:00:08]} 39. fxe5+ {[%clk
00:04:31]} {[%emt 00:01:52]} dxe5 {[%clk 00:04:57]} {[%emt 00:00:06]} 40. gxf5
{[%clk 00:04:36]} {[%emt 00:00:25]} Kxf5 {[%clk 00:05:23]} {[%emt 00:00:04]} 41.
Kf2 {[%clk 00:04:27]} {[%emt 00:00:39]} Kf4 {[%clk 00:05:33]} {[%emt 00:00:21]}
42. h4 {[%clk 00:02:05]} {[%emt 00:02:51]} h6 {[%clk 00:05:17]} {[%emt
00:00:47]} 43. h5 {[%clk 00:02:20]} {[%emt 00:00:15]} Rc3 {[%clk 00:05:09]}
{[%emt 00:00:38]} 44. Bf1 {[%clk 00:01:04]} {[%emt 00:01:45]} Rc2 {[%clk
00:03:28]} {[%emt 00:02:12]} 45. Rxc2 {[%clk 00:00:57]} {[%emt 00:00:37]} Nxc2
{[%clk 00:03:55]} {[%emt 00:00:03]} 46. Be2 {[%clk 00:00:42]} {[%emt 00:00:44]}
Nb4 {[%clk 00:04:17]} {[%emt 00:00:09]} 47. Bf1 {[%clk 00:00:46]} {[%emt
00:00:25]} Nd5 {[%clk 00:04:37]} {[%emt 00:00:11]} 48. Be2 {[%clk 00:00:45]}
{[%emt 00:00:31]} Nf6 {[%clk 00:05:01]} {[%emt 00:00:05]} 49. Bd1 {[%clk
00:01:00]} {[%emt 00:00:15]} Kg5 {[%clk 00:05:22]} {[%emt 00:00:10]} 0-1

[Event "TIPC 2019 Groupe A"]
[Site ""]
[Date "2019.07.27"]
[Round "1.12"]
[White "Faybish, Nimrod"]
[Black "Zamparo, Sergio"]
[Result "1-0"]
[WhiteElo "2220"]
[BlackElo "2031"]


1. e4 {[%clk 01:30:57]} {[%emt 00:01:24]} d6 {[%clk 01:30:51]} 2. d4 {[%clk
01:31:15]} Nf6 {[%clk 01:31:14]} 3. Nc3 {[%clk 01:31:22]} e5 {[%clk 01:31:37]}
4. Nf3 {[%clk 01:31:19]} exd4 {[%clk 01:31:54]} 5. Nxd4 {[%clk 01:27:36]} Be7
{[%clk 01:31:33]} 6. Be2 {[%clk 01:25:27]} O-O {[%clk 01:31:20]} 7. O-O {[%clk
01:25:30]} Re8 {[%clk 01:31:06]} 8. f4 {[%clk 01:25:49]} c6 {[%clk 01:24:00]} 9.
a4 {[%clk 01:22:21]} a5 {[%clk 01:18:32]} 10. Kh1 {[%clk 01:18:50]} Bf8 {[%clk
01:14:31]} 11. Bf3 {[%clk 01:18:20]} Nbd7 {[%clk 01:14:05]} 12. Re1 {[%clk
01:10:36]} Nc5 {[%clk 01:05:27]} {[%emt 00:07:42]} 13. b3 {[%clk 00:56:16]}
{[%emt 00:14:53]} Qc7 {[%clk 01:00:14]} {[%emt 00:05:39]} 14. Bb2 {[%clk
00:55:15]} {[%emt 00:01:33]} Ne6 {[%clk 00:55:55]} {[%emt 00:04:48]} 15. Nde2
{[%clk 00:54:27]} {[%emt 00:01:19]} Bd7 {[%clk 00:50:23]} {[%emt 00:06:01]} 16.
Qd2 {[%clk 00:46:16]} {[%emt 00:08:41]} Rad8 {[%clk 00:49:40]} {[%emt
00:01:14]} 17. Rad1 {[%clk 00:46:32]} {[%emt 00:00:15]} Nc5 {[%clk 00:47:33]}
{[%emt 00:02:37]} 18. Ng3 {[%clk 00:37:36]} {[%emt 00:09:25]} Bg4 {[%clk
00:45:00]} {[%emt 00:03:04]} 19. Nb5 {[%clk 00:30:31]} {[%emt 00:07:35]} cxb5
{[%clk 00:45:14]} {[%emt 00:00:16]} 20. Bxf6 {[%clk 00:30:57]} {[%emt
00:00:04]} gxf6 {[%clk 00:45:32]} {[%emt 00:00:12]} 21. Bxg4 {[%clk 00:31:10]}
{[%emt 00:00:17]} bxa4 {[%clk 00:45:18]} {[%emt 00:00:44]} 22. bxa4 {[%clk
00:29:17]} {[%emt 00:02:24]} Qc6 {[%clk 00:43:18]} {[%emt 00:02:29]} 23. Bf5
{[%clk 00:27:56]} {[%emt 00:01:51]} Ne6 {[%clk 00:39:32]} {[%emt 00:04:16]} 24.
Nh5 {[%clk 00:27:55]} {[%emt 00:00:31]} Be7 {[%clk 00:39:02]} {[%emt 00:01:01]}
25. Qf2 {[%clk 00:25:47]} {[%emt 00:02:36]} Nf8 {[%clk 00:37:10]} {[%emt
00:02:23]} 26. Qg3+ {[%clk 00:20:34]} {[%emt 00:05:43]} Ng6 {[%clk 00:37:16]}
{[%emt 00:00:24]} 27. Bh3 {[%clk 00:21:02]} {[%emt 00:00:02]} Qxa4 {[%clk
00:31:49]} {[%emt 00:05:57]} 28. Ra1 {[%clk 00:13:30]} {[%emt 00:08:03]} Qxc2
{[%clk 00:24:39]} {[%emt 00:07:38]} 29. Rxa5 {[%clk 00:13:40]} {[%emt
00:00:21]} Ra8 {[%clk 00:25:01]} {[%emt 00:00:08]} 30. Rxa8 {[%clk 00:08:54]}
{[%emt 00:05:16]} Rd8 {[%emt 00:00:06]} 31. Rb8 Rxb8 {[%clk 00:25:25]} 32. f5
{[%clk 00:09:17]} {[%emt 00:00:08]} Ra8 {[%clk 00:23:22]} 33. Nf4 {[%clk
00:09:26]} {[%emt 00:02:54]} Qc5 {[%clk 00:21:47]} 34. Nd3 {[%clk 00:06:17]}
{[%emt 00:05:43]} Ra3 {[%clk 00:14:15]} 35. fxg6 {[%clk 00:06:28]} {[%emt
00:08:22]} Qc2 {[%clk 00:14:32]} 36. Bg4 hxg6 37. Be6 {[%clk 00:06:03]} fxe6
{[%clk 00:13:59]} {[%emt 00:01:03]} 38. Qxg6+ {[%clk 00:06:29]} {[%emt
00:00:04]} Kf8 {[%clk 00:13:51]} {[%emt 00:00:38]} 39. Nf4 {[%clk 00:02:42]}
{[%emt 00:04:17]} Qc4 {[%clk 00:13:15]} {[%emt 00:01:06]} 40. h4 {[%clk
00:01:43]} {[%emt 00:01:30]} Ra5 {[%clk 00:07:43]} {[%emt 00:06:01]} 41. Kh2
{[%clk 00:02:11]} {[%emt 00:00:02]} Bd8 {[%clk 00:05:35]} {[%emt 00:02:37]} 42.
Re3 {[%clk 00:00:49]} {[%emt 00:01:52]} Ke7 {[%clk 00:02:29]} {[%emt 00:03:36]}
43. Qh7+ {[%clk 00:27:51]} {[%emt 00:03:28]} Ke8 {[%clk 00:32:48]} {[%emt
00:00:11]} 44. Rg3 {[%clk 00:27:05]} {[%emt 00:01:16]} Be7 {[%clk 00:31:22]}
{[%emt 00:03:22]} 1-0

[Event "TIPC 2019 Groupe A"]
[Site ""]
[Date "2019.07.27"]
[Round "1.25"]
[White "Godry, Clément"]
[Black "Duhayon, Yves"]
[Result "1/2-1/2"]
[WhiteElo "1962"]
[BlackElo "2132"]

1. Nf3 {[%emt 00:14:01]} Nf6 {[%emt 00:00:15]} 2. e3 {[%emt 00:00:13]} d5
{[%emt 00:00:35]} 3. c4 {[%emt 00:00:08]} e6 {[%emt 00:00:22]} 4. Nc3 {[%emt
00:00:14]} Be7 {[%emt 00:02:38]} 5. d4 {[%emt 00:00:52]} O-O {[%emt 00:00:11]}
6. Bd3 {[%emt 00:00:17]} dxc4 {[%emt 00:00:37]} 7. Bxc4 {[%emt 00:00:09]} a6
{[%emt 00:00:20]} 8. Qc2 {[%emt 00:03:24]} b5 {[%emt 00:02:47]} 9. Bd3 {[%emt
00:00:08]} Bb7 {[%emt 00:00:52]} 10. a4 {[%emt 00:03:35]} b4 {[%emt 00:00:20]}
11. Ne4 {[%emt 00:00:07]} Nbd7 {[%emt 00:00:21]} 12. O-O {[%emt 00:00:31]} c5
{[%emt 00:01:24]} 13. Nxc5 {[%emt 00:11:00]} Nxc5 {[%emt 00:02:52]} 14. dxc5
{[%emt 00:00:09]} Rc8 {[%emt 00:02:32]} 15. Qe2 {[%emt 00:00:56]} Qa5 {[%emt
00:05:41]} 16. e4 {[%emt 00:01:49]} Nd7 {[%emt 00:05:41]} 17. Be3 {[%emt
00:02:05]} Nxc5 {[%emt 00:03:47]} 18. Bxc5 {[%emt 00:00:08]} Rxc5 {[%emt
00:00:45]} 19. Nd2 {[%emt 00:00:27]} Rc7 {[%emt 00:12:48]} 20. Nc4 {[%emt
00:01:11]} Qc5 {[%emt 00:04:04]} 21. b3 {[%emt 00:00:44]} a5 {[%emt 00:04:34]}
22. Rad1 {[%emt 00:01:38]} Rd8 {[%emt 00:00:51]} 23. Kh1 {[%emt 00:08:20]} Rcd7
{[%emt 00:01:02]} 24. f4 {[%emt 00:00:24]} Ba6 {[%emt 00:08:39]} 25. e5 {[%emt
00:11:13]} Bxc4 {[%emt 00:03:44]} 26. Bxc4 {[%emt 00:00:09]} g6 {[%emt
00:03:31]} 27. Rxd7 {[%emt 00:05:45]} Rxd7 {[%emt 00:00:07]} 28. Qf2 {[%emt
00:00:15]} Qxf2 {[%emt 00:05:44]} 29. Rxf2 {[%emt 00:00:17]} Bc5 {[%emt
00:00:32]} 30. Rf1 {[%emt 00:00:16]} h5 {[%emt 00:02:22]} 31. g3 {[%emt
00:00:13]} Rd2 {[%emt 00:00:30]} 32. Re1 {[%emt 00:00:11]} Kg7 {[%emt
00:13:52]} 33. Re2 {[%emt 00:00:06]} Rd1+ {[%emt 00:00:09]} 34. Kg2 {[%emt
00:00:07]} Kh6 {[%emt 00:05:46]} 35. h4 {[%emt 00:00:19]} Kg7 {[%emt 00:00:14]}
36. Rc2 {[%emt 00:00:09]} Bd4 {[%emt 00:01:06]} 37. Be2 {[%emt 00:00:15]} Rb1
{[%emt 00:00:34]} 38. Bc4 {[%emt 00:00:12]} Bc3 {[%emt 00:02:18]} 39. Rf2
{[%emt 00:00:10]} Rd1 {[%emt 00:01:00]} 40. Rf1 {[%emt 00:00:50]} Rd2+ {[%emt
00:01:06]} 41. Rf2 {[%emt 00:00:08]} Rd4 {[%emt 00:00:30]} 42. Kf3 {[%emt
00:00:57]} Kf8 {[%emt 00:00:27]} 43. Ke2 {[%emt 00:03:50]} Ke7 {[%emt
00:00:54]} 44. Bd3 {[%emt 00:00:07]} Rd8 {[%emt 00:01:22]} 1/2-1/2